| 000 -CABECERA |
| Campo de control de longitud fija |
02985nam a22004217a 4500 |
| 001 - NÚMERO DE CONTROL |
| Campo de control |
BH16597 |
| 003 - IDENTIFICADOR DEL NÚMERO DE CONTROL |
| Campo de control |
ES-SlBCS |
| 005 - FECHA Y HORA DE LA ÚLTIMA TRANSACCIÓN |
| Campo de control |
20260415071038.0 |
| 008 - CÓDIGOS DE INFORMACIÓN DE LONGITUD FIJA |
| Campo de control de longitud fija |
260414s1793 sp jj 1 spa |
| 035 ## - NÚMERO DE CONTROL DEL SISTEMA |
| Número de control del sistema |
(OCoLC)740434034 |
| 040 ## - FUENTE DE LA CATALOGACIÓN |
| Centro catalogador del origen |
ES-SIBCS |
| Lengua de catalogación |
spa |
| 041 ## - CÓDIGO DE LENGUA |
| Código de lengua del texto/banda sonora o título independiente |
spa |
| 100 1# - PUNTO DE ACCESO PRINCIPAL-NOMBRE DE PERSONA |
| Nombre de persona |
Morales, Ambrosio de |
| Fechas asociadas al nombre |
1513-1591 |
| 9 (RLIN) |
17951 |
| 245 10 - MENCIÓN DE TÍTULO |
| Título |
Opúsculos castellanos de Ambrosio de Morales, cuyos originales se conservan ineditos en la Real Biblioteca del Monasterio del Escorial. |
| Nombre de parte o sección de la obra |
Tomo primero |
| 250 ## - MENCIÓN DE EDICIÓN |
| Mención de edición |
Ahora por la primera vez impresos, ordenados, y anotados con varias noticias historicas por el P. Fr. Francisco Valerio Cifuentes, Bibliotecario de dicho Real Monasterio, y Catedratico de lengua Hebrea. |
| 260 ## - PUBLICACIÓN, DISTRIBUCIÓN, ETC... (PIE DE IMPRENTA) |
| Lugar de publicación, distribución, etc. |
Madrid : |
| Nombre del editor, distribuidor, etc. |
en la oficina de D. Benito Cano, |
| Fecha de publicación, distribución, etc. |
1793 |
| 300 ## - DESCRIPCIÓN FÍSICA |
| Extensión |
XII, 476 p. ; |
| Dimensiones |
20 cm. |
| 500 ## - NOTA GENERAL |
| Nota general |
Según Palau, se reprodujeron en los tomos XIII, XIV y XV de la Crónica General de España. |
| 500 ## - NOTA GENERAL |
| Nota general |
Ejemplar repetido BH32829 procedente de Jerez<br/> |
| 505 ## - NOTA DE CONTENIDO CON FORMATO |
| Nota de contenido con formato |
Carta del Padre Cifuentes dirigida al editor III La vida, el martirio, la invencion, las grandezas, y las translaciones de los Gloriosos Niños Mártires San Justo y Pastor IX La vida y martirio de los Santos Mártires Justo y Pastor 1 El oficio de San Isidoro 32 Las antigüedades de Alcalá de Henares 50 La peregrinación y translaciones 62 La vuelta a Alcalá 70 El proceso de Huesca 75 El cartel de la Iglesia 103 El cartel de la Universidad 110 El viage de Huesca a Alcalá 122 Aparato del triunfo de Alcalá 144 Orden y solemnidad de la procesión 208 El proceso de la entrega de las Santas Reliquias 216 Octavario de la translacion 223 Las glosas de la copla del cartel de la Iglesia 227 La Vida de la Condesa Matilda de Canosa 233 Apología por los Anales de Gerónimo de Zurita contra la censura de Don Diego de Santa Cruz con la respuesta de Don Felipe de Guevara 301 Apología por la legitimidad de los privilegios de la Santa Iglesia de Santiago de Galicia concedidos por los Reyes de Castilla y de Leon 395 Advertencias remitidas de Santiago 469 |
| 546 ## - NOTA DE LENGUA |
| Nota de lengua |
Tomo 3 en latín |
| 561 ## - NOTA DE PROCEDENCIA |
| Procedencia |
San Pablo (Valladolid) |
| 561 ## - NOTA DE PROCEDENCIA |
| Procedencia |
Convento de Jerez |
| 594 ## - NOTA AL TÍTULO Y MENCIÓN DE RESPONSABILIDAD |
| Nota general |
El tomo III compuesto por opúsculos latinos |
| 594 ## - NOTA AL TÍTULO Y MENCIÓN DE RESPONSABILIDAD |
| Nota general |
Área de edición precede al subtítulo |
| 597 ## - NOTA SOBRE EL ÁREA DE DESCRIPCIÓN FÍSICA |
| Nota de descripción física |
Sign.: *⁴, 2*², A-3N⁴, 3O² ; A-3D⁴ ; A-2M⁴ |
| 597 ## - NOTA SOBRE EL ÁREA DE DESCRIPCIÓN FÍSICA |
| Nota de descripción física |
Texto con apostillas marginales |
| 597 ## - NOTA SOBRE EL ÁREA DE DESCRIPCIÓN FÍSICA |
| Nota de descripción física |
Portadas con orla calcográfica: "Xo ft" |
| 597 ## - NOTA SOBRE EL ÁREA DE DESCRIPCIÓN FÍSICA |
| Nota de descripción física |
Cada tomo contiene varios opúsculos, todos con portadilla propia |
| 599 ## - NOTA SOBRE LA ILUSTRACIÓN |
| Nota sobre la ilustración |
La hoja de lámina, plegable, es un un árbol genealógico calcográfico |
| 650 #7 - PUNTO DE ACCESO ADICIONAL DE MATERIA-TÉRMINO DE MATERIA |
| Término de materia o nombre geográfico como elemento inicial |
Historia de España |
| Subdivisión de forma |
Iglesia y Diócesis |
| Fuente del encabezamiento o término |
embne |
| Número de control del registro de autoridad |
Nobleza |
| Subdivisión cronológica |
Obras anteriores a 1800 |
| 9 (RLIN) |
17952 |
| 700 1# - PUNTO DE ACCESO ADICIONAL-NOMBRE DE PERSONA |
| Nombre de persona |
Cano, Benito |
| Término indicativo de función |
imp. |
| 9 (RLIN) |
1189 |
| 700 1# - PUNTO DE ACCESO ADICIONAL-NOMBRE DE PERSONA |
| Nombre de persona |
Cifuentes, Francisco Valerio |
| Término indicativo de función |
ed. lit. |
| 9 (RLIN) |
17953 |
| 752 ## - PUNTO DE ACCESO ADICIONAL-NOMBRE JERÁRQUICO DE LUGAR |
| País o entidad superior |
España |
| Ciudad |
Madrid |
| 942 ## - ENTRADA DE ELEMENTOS AGREGADOS (KOHA) |
| Fuente de clasificaión o esquema |
|
| Koha [por defecto] tipo de item |
Libro Antiguo |